Soil and civilization (Record no. 34957)

MARC details
000 -LEADER
fixed length control field 00400nam a22001577a 4500
003 - CONTROL NUMBER IDENTIFIER
control field OSt
005 - DATE AND TIME OF LATEST TRANSACTION
control field 20220416131849.0
008 - FIXED-LENGTH DATA ELEMENTS--GENERAL INFORMATION
fixed length control field 220416b |||||||| |||| 00| 0 eng d
040 ## - CATALOGING SOURCE
Transcribing agency hu
082 ## - DEWEY DECIMAL CLASSIFICATION NUMBER
Classification number 631.49
100 ## - MAIN ENTRY--PERSONAL NAME
Personal name Hyams, Edward
9 (RLIN) 36146
245 ## - TITLE STATEMENT
Title Soil and civilization
Statement of responsibility, etc. Hyams, Edward, 1910-1975
260 ## - PUBLICATION, DISTRIBUTION, ETC.
Place of publication, distribution, etc. Colophon
Name of publisher, distributor, etc. John Murray
Date of publication, distribution, etc. 1951
300 ## - PHYSICAL DESCRIPTION
Extent 312 P
Other physical details Pc
Dimensions 22
942 ## - ADDED ENTRY ELEMENTS (KOHA)
Source of classification or shelving scheme Dewey Decimal Classification
Koha item type Books like text book referance book
Suppress in OPAC No
Holdings
Withdrawn status Lost status Source of classification or shelving scheme Damaged status Not for loan Collection code Home library Current library Shelving location Date acquired Full call number Barcode Date last seen Copy number Price effective from Koha item type
    Dewey Decimal Classification Damaged   Reference Wondo Genet Library Wondo Genet Library General Stacks 04/16/2022 631.49 HAY1951 WGCFNRL00019377 04/16/2022 1 04/16/2022 Books like text book referance book